<?xml version="1.0" encoding="UTF-8"?>
<record
    xmlns:xsi="http://www.w3.org/2001/XMLSchema-instance"
    xsi:schemaLocation="http://www.loc.gov/MARC21/slim http://www.loc.gov/standards/marcxml/schema/MARC21slim.xsd"
    xmlns="http://www.loc.gov/MARC21/slim">

  <leader>01296cam a2200301 a 4500</leader>
  <controlfield tag="001">000007309</controlfield>
  <controlfield tag="005">20200929154128.0</controlfield>
  <controlfield tag="008">960201s1994    ck            000 0 spa  </controlfield>
  <datafield tag="020" ind1=" " ind2=" ">
    <subfield code="a">9586121747</subfield>
  </datafield>
  <datafield tag="040" ind1=" " ind2=" ">
    <subfield code="a">DO-SdBNP</subfield>
    <subfield code="b">spa</subfield>
    <subfield code="c">LC</subfield>
    <subfield code="d">BNPHU</subfield>
  </datafield>
  <datafield tag="082" ind1=" " ind2=" ">
    <subfield code="a">910.9861</subfield>
    <subfield code="b">C663v</subfield>
  </datafield>
  <datafield tag="100" ind1="1" ind2=" ">
    <subfield code="a">Cochrane, Charles Stuart</subfield>
    <subfield code="9">20310</subfield>
  </datafield>
  <datafield tag="245" ind1="1" ind2="0">
    <subfield code="a">Viajes por Colombia 1823 y 1824 /</subfield>
    <subfield code="c">Charles Stuart Cochrane ; pr&#xF3;logo de Conrado Zuluaga ; traducci&#xF3;n de Ernesto Guhl.</subfield>
  </datafield>
  <datafield tag="260" ind1=" " ind2=" ">
    <subfield code="a">Bogot&#xE1; :</subfield>
    <subfield code="b">Presidencia de la Rep&#xFA;blica;</subfield>
    <subfield code="b">Comisi&#xF3;n Preparatoria para el V Centenario del Descubrimiento de Am&#xE9;rica;</subfield>
    <subfield code="b">Instituto Colombiano de Cultura :</subfield>
    <subfield code="b">Biblioteca Nacional de Colombia,</subfield>
    <subfield code="c">1994.</subfield>
  </datafield>
  <datafield tag="300" ind1=" " ind2=" ">
    <subfield code="a">319 p. ;</subfield>
    <subfield code="c">24 cm.</subfield>
  </datafield>
  <datafield tag="490" ind1="1" ind2=" ">
    <subfield code="a">Biblioteca V Centenario Colcultura. Viajeros por Colombia</subfield>
  </datafield>
  <datafield tag="651" ind1=" " ind2="4">
    <subfield code="a">Colombia</subfield>
    <subfield code="x">Descripciones Y Viajes</subfield>
    <subfield code="9">16997</subfield>
  </datafield>
  <datafield tag="651" ind1=" " ind2="4">
    <subfield code="a">Colombia</subfield>
    <subfield code="x">Vida Social Y Costumbres</subfield>
    <subfield code="9">18000</subfield>
  </datafield>
  <datafield tag="651" ind1=" " ind2="4">
    <subfield code="a">Colombia</subfield>
    <subfield code="x">Historia</subfield>
    <subfield code="y">1819-1831</subfield>
    <subfield code="9">20311</subfield>
  </datafield>
  <datafield tag="600" ind1="1" ind2="0">
    <subfield code="a">COCHRANE, CHARLES STUART</subfield>
    <subfield code="x">VIAJES</subfield>
    <subfield code="z">COLOMBIA</subfield>
    <subfield code="9">20312</subfield>
  </datafield>
  <datafield tag="700" ind1="1" ind2=" ">
    <subfield code="a">Zuluaga, Conrado,</subfield>
    <subfield code="e">Pr&#xF3;l.</subfield>
    <subfield code="9">8657</subfield>
  </datafield>
  <datafield tag="700" ind1="1" ind2=" ">
    <subfield code="a">Guhl, Ernesto,</subfield>
    <subfield code="e">tr.</subfield>
    <subfield code="9">20313</subfield>
  </datafield>
  <datafield tag="830" ind1=" " ind2="0">
    <subfield code="a">Banco de la Rep&#xFA;blica</subfield>
    <subfield code="9">20314</subfield>
  </datafield>
  <datafield tag="830" ind1=" " ind2="0">
    <subfield code="a">Biblioteca V Centenario Colcultura :</subfield>
    <subfield code="p">Viajeros por Colombia</subfield>
    <subfield code="9">20309</subfield>
  </datafield>
  <datafield tag="910" ind1=" " ind2=" ">
    <subfield code="a">Catalogaci&#xF3;n por copia / LC</subfield>
  </datafield>
  <datafield tag="910" ind1=" " ind2=" ">
    <subfield code="a">WM</subfield>
  </datafield>
  <datafield tag="049" ind1=" " ind2=" ">
    <subfield code="a">BNGR</subfield>
  </datafield>
  <datafield tag="952" ind1=" " ind2=" ">
    <subfield code="0">0</subfield>
    <subfield code="1">0</subfield>
    <subfield code="5">2</subfield>
    <subfield code="7">0</subfield>
    <subfield code="8">MO</subfield>
    <subfield code="a">GR</subfield>
    <subfield code="b">GR</subfield>
    <subfield code="c">HD</subfield>
    <subfield code="d">2009-09-07</subfield>
    <subfield code="i">LF1</subfield>
    <subfield code="l">0</subfield>
    <subfield code="o">910.9861 C663v</subfield>
    <subfield code="p">7309-10</subfield>
    <subfield code="r">2020-06-25</subfield>
    <subfield code="w">2020-06-25</subfield>
    <subfield code="y">2</subfield>
    <subfield code="Z">Pr&#xE9;stamo interno</subfield>
  </datafield>
  <datafield tag="999" ind1=" " ind2=" ">
    <subfield code="c">7090</subfield>
    <subfield code="d">7090</subfield>
  </datafield>
</record>
